Bibliography on methods for determining soil moisture /

Guardado en:
Autor Principal: Shaw, Mark Dodds.
Otros Autores: Arble, William C.
Formato: Libro
Idioma:English
Publicado: University Park, Pa. : [s.n.], 1959.
Etiquetas: Agregar Etiqueta
Sin Etiquetas, Sea el primero en etiquetar este registro!
LEADER 00863nam a22001695a 4500
001 EEA.libagro008741
005 20151001121212.0
008 130809s1959####xxu###########000#0#eng#d
082 0 4 |a 631.432 
100 1 |a Shaw, Mark Dodds. 
245 1 0 |a Bibliography on methods for determining soil moisture /  |c [by] Mark D. Shaw [and] William C. Arble. 
260 |a University Park, Pa. :  |b [s.n.],  |c 1959. 
300 |a v, 152 p. ;  |c 28 cm. 
501 |a With : Stress waves and scabbing in materials / by Norman Davids and Sudhir Kumar, 1959 -- Rubber and tire friction / by H. W. Kummer [and] W. E. Meyer, 1960. University Park, Pa. : [s.n.]. Bound together subsequent to publication. 
700 1 |a Arble, William C. 
810 2 |a Pennsylvania State University.  |b College of Engineering.  |t Engineering research bulletin;  |v B-78 
859 |a AR-BbBCA  |b BIB. AGRONOMIA  |h RB631.432  |i S535  |p 1962/0017